| 000 | 00538cam a22002171 4500 | ||
|---|---|---|---|
| 001 | sa 63004345 | ||
| 003 | DLC | ||
| 005 | 20260227111948.0 | ||
| 008 | 891010s1962 ii 000 0 urdo | ||
| 010 | _asa 63004345 | ||
| 035 | _a(OCoLC)20462016 | ||
| 040 |
_aDLC _cWaU _dDLC |
||
| 042 | _apremarc | ||
| 050 | 0 | 0 |
_aPK2184 _b.C3 |
| 100 | 1 | _aCān̐damohammada, S. | |
| 245 | 1 | 0 | _aĀdhunika Urdū śāyarī. |
| 260 | _c[1962] | ||
| 300 |
_a120 p. _c19 cm. |
||
| 500 | _aIn Urdu, in Devanāgarī characters. | ||
| 650 | 0 | _aUrdu poetry. | |
| 999 |
_c55603 _d55603 |
||